| 000 | 00520nam a22001932 4500 | ||
|---|---|---|---|
| 001 | 0000004177 | ||
| 005 | 20151217145757.0 | ||
| 008 | 070521s xx 000 0 eng d | ||
| 020 | _a817656513X : | ||
| 040 |
_aKABU _cKABU |
||
| 050 | 0 |
_aQA76.76 _b.H94H55 |
|
| 245 | 1 | 0 | _aXML complete. |
| 260 |
_aNew Delhi : _bBPB Publications, _c2001. |
||
| 300 | _axxx, 975 p. | ||
| 650 | 0 |
_aXML (Document markup language) _@0000154490 |
|
| 908 | _a070521 | ||
| 950 | _@1 | ||
| 999 |
_c2511 _d2511 |
||